00687nam a2200205Ia 4500003000900000005001700009008004100026020001800067040001600085080001500101100001800116245017000134260004800304300001500352650001400367650004100381650001900422700001800441700002200459IN-BaIIA20250703112826.0211028s9999 xx 000 0 eng d a0-521-34354-2 cIIA Library a524.8bBIS aBiswas, S. K. 0aCosmic perspectivesbessays dedicated to the memory of M.K.V. BappucS. K. Biswas, D C V Mallik, and C V Vishveshwara  aCambridgebCambridge University Pressc1989 axix, 249p. aAstronomy aAstronomy and Astrophysics Thesaurus aCosmic Physics aMallik, D C V aVishveshwara, C V